<?xml version="1.0" encoding="UTF-8"?>
<record
    xmlns:xsi="http://www.w3.org/2001/XMLSchema-instance"
    xsi:schemaLocation="http://www.loc.gov/MARC21/slim http://www.loc.gov/standards/marcxml/schema/MARC21slim.xsd"
    xmlns="http://www.loc.gov/MARC21/slim">

  <leader>00390nam a22001577a 4500</leader>
  <controlfield tag="003">OSt</controlfield>
  <controlfield tag="005">20250917201508.0</controlfield>
  <controlfield tag="008">250917b        |||||||| |||| 00| 0 eng d</controlfield>
  <datafield tag="020" ind1=" " ind2=" ">
    <subfield code="a">9788119336050</subfield>
  </datafield>
  <datafield tag="040" ind1=" " ind2=" ">
    <subfield code="c">IIMT University</subfield>
  </datafield>
  <datafield tag="100" ind1=" " ind2=" ">
    <subfield code="a">A K Jain</subfield>
  </datafield>
  <datafield tag="245" ind1=" " ind2=" ">
    <subfield code="a">Textbook of Physiology Volumes - 10thI</subfield>
  </datafield>
  <datafield tag="260" ind1=" " ind2=" ">
    <subfield code="a">New Delhi</subfield>
    <subfield code="b">Arya Pub.</subfield>
    <subfield code="c">2095</subfield>
  </datafield>
  <datafield tag="300" ind1=" " ind2=" ">
    <subfield code="a">XXXii</subfield>
  </datafield>
  <datafield tag="942" ind1=" " ind2=" ">
    <subfield code="2">ddc</subfield>
    <subfield code="c">02</subfield>
    <subfield code="e">10th</subfield>
  </datafield>
  <datafield tag="999" ind1=" " ind2=" ">
    <subfield code="c">66264</subfield>
    <subfield code="d">66264</subfield>
  </datafield>
  <datafield tag="952" ind1=" " ind2=" ">
    <subfield code="0">0</subfield>
    <subfield code="1">0</subfield>
    <subfield code="2">ddc</subfield>
    <subfield code="4">0</subfield>
    <subfield code="7">0</subfield>
    <subfield code="a">01</subfield>
    <subfield code="b">01</subfield>
    <subfield code="d">2025-09-17</subfield>
    <subfield code="e">R Lall</subfield>
    <subfield code="f">Allied Sci</subfield>
    <subfield code="i">DE/IN/78822,17-09-2025</subfield>
    <subfield code="p">01-B-145363</subfield>
    <subfield code="r">2025-09-17</subfield>
    <subfield code="u">medical science</subfield>
    <subfield code="w">2025-09-17</subfield>
    <subfield code="y">02</subfield>
  </datafield>
  <datafield tag="952" ind1=" " ind2=" ">
    <subfield code="0">0</subfield>
    <subfield code="1">0</subfield>
    <subfield code="2">ddc</subfield>
    <subfield code="4">0</subfield>
    <subfield code="7">0</subfield>
    <subfield code="a">01</subfield>
    <subfield code="b">01</subfield>
    <subfield code="d">2025-09-17</subfield>
    <subfield code="e">R Lall</subfield>
    <subfield code="f">Allied Sci</subfield>
    <subfield code="i">DE/IN/78822,17-09-2025</subfield>
    <subfield code="p">01-B-145364</subfield>
    <subfield code="r">2025-09-17</subfield>
    <subfield code="u">medical science</subfield>
    <subfield code="w">2025-09-17</subfield>
    <subfield code="y">02</subfield>
  </datafield>
  <datafield tag="952" ind1=" " ind2=" ">
    <subfield code="0">0</subfield>
    <subfield code="1">0</subfield>
    <subfield code="2">ddc</subfield>
    <subfield code="4">0</subfield>
    <subfield code="7">0</subfield>
    <subfield code="a">01</subfield>
    <subfield code="b">01</subfield>
    <subfield code="d">2025-09-17</subfield>
    <subfield code="e">R Lall</subfield>
    <subfield code="f">Allied Sci</subfield>
    <subfield code="i">DE/IN/78822,17-09-2025</subfield>
    <subfield code="p">01-B-145365</subfield>
    <subfield code="r">2025-09-17</subfield>
    <subfield code="u">medical science</subfield>
    <subfield code="w">2025-09-17</subfield>
    <subfield code="y">02</subfield>
  </datafield>
  <datafield tag="952" ind1=" " ind2=" ">
    <subfield code="0">0</subfield>
    <subfield code="1">0</subfield>
    <subfield code="2">ddc</subfield>
    <subfield code="4">0</subfield>
    <subfield code="7">0</subfield>
    <subfield code="a">01</subfield>
    <subfield code="b">01</subfield>
    <subfield code="d">2025-09-17</subfield>
    <subfield code="e">R Lall</subfield>
    <subfield code="f">Allied Sci</subfield>
    <subfield code="i">DE/IN/78822,17-09-2025</subfield>
    <subfield code="p">01-B-145366</subfield>
    <subfield code="r">2025-09-17</subfield>
    <subfield code="u">medical science</subfield>
    <subfield code="w">2025-09-17</subfield>
    <subfield code="y">02</subfield>
  </datafield>
  <datafield tag="952" ind1=" " ind2=" ">
    <subfield code="0">0</subfield>
    <subfield code="1">0</subfield>
    <subfield code="2">ddc</subfield>
    <subfield code="4">0</subfield>
    <subfield code="7">0</subfield>
    <subfield code="a">01</subfield>
    <subfield code="b">01</subfield>
    <subfield code="d">2025-09-17</subfield>
    <subfield code="e">R Lall</subfield>
    <subfield code="f">Allied Sci</subfield>
    <subfield code="i">DE/IN/78822,17-09-2025</subfield>
    <subfield code="l">1</subfield>
    <subfield code="p">01-B-145367</subfield>
    <subfield code="r">2025-10-04</subfield>
    <subfield code="s">2025-10-03</subfield>
    <subfield code="u">medical science</subfield>
    <subfield code="w">2025-09-17</subfield>
    <subfield code="y">02</subfield>
  </datafield>
  <datafield tag="952" ind1=" " ind2=" ">
    <subfield code="0">0</subfield>
    <subfield code="1">0</subfield>
    <subfield code="2">ddc</subfield>
    <subfield code="4">0</subfield>
    <subfield code="7">0</subfield>
    <subfield code="a">01</subfield>
    <subfield code="b">01</subfield>
    <subfield code="d">2025-09-17</subfield>
    <subfield code="e">R Lall</subfield>
    <subfield code="f">Allied Sci</subfield>
    <subfield code="i">DE/IN/78822,17-09-2025</subfield>
    <subfield code="p">01-B-145368</subfield>
    <subfield code="r">2025-09-17</subfield>
    <subfield code="u">medical science</subfield>
    <subfield code="w">2025-09-17</subfield>
    <subfield code="y">02</subfield>
  </datafield>
  <datafield tag="952" ind1=" " ind2=" ">
    <subfield code="0">0</subfield>
    <subfield code="1">0</subfield>
    <subfield code="2">ddc</subfield>
    <subfield code="4">0</subfield>
    <subfield code="7">0</subfield>
    <subfield code="a">01</subfield>
    <subfield code="b">01</subfield>
    <subfield code="d">2025-09-17</subfield>
    <subfield code="e">R Lall</subfield>
    <subfield code="f">Allied Sci</subfield>
    <subfield code="i">DE/IN/78822,17-09-2025</subfield>
    <subfield code="p">01-B-145369</subfield>
    <subfield code="r">2025-09-17</subfield>
    <subfield code="u">medical science</subfield>
    <subfield code="w">2025-09-17</subfield>
    <subfield code="y">02</subfield>
  </datafield>
  <datafield tag="952" ind1=" " ind2=" ">
    <subfield code="0">0</subfield>
    <subfield code="1">0</subfield>
    <subfield code="2">ddc</subfield>
    <subfield code="4">0</subfield>
    <subfield code="7">0</subfield>
    <subfield code="a">01</subfield>
    <subfield code="b">01</subfield>
    <subfield code="d">2025-09-17</subfield>
    <subfield code="e">R Lall</subfield>
    <subfield code="f">Allied Sci</subfield>
    <subfield code="i">DE/IN/78822,17-09-2025</subfield>
    <subfield code="p">01-B-145370</subfield>
    <subfield code="r">2025-09-17</subfield>
    <subfield code="u">medical science</subfield>
    <subfield code="w">2025-09-17</subfield>
    <subfield code="y">02</subfield>
  </datafield>
  <datafield tag="952" ind1=" " ind2=" ">
    <subfield code="0">0</subfield>
    <subfield code="1">0</subfield>
    <subfield code="2">ddc</subfield>
    <subfield code="4">0</subfield>
    <subfield code="7">0</subfield>
    <subfield code="a">01</subfield>
    <subfield code="b">01</subfield>
    <subfield code="d">2025-09-17</subfield>
    <subfield code="e">R Lall</subfield>
    <subfield code="f">Allied Sci</subfield>
    <subfield code="i">DE/IN/78822,17-09-2025</subfield>
    <subfield code="p">01-B-145371</subfield>
    <subfield code="r">2025-09-17</subfield>
    <subfield code="u">medical science</subfield>
    <subfield code="w">2025-09-17</subfield>
    <subfield code="y">02</subfield>
  </datafield>
  <datafield tag="952" ind1=" " ind2=" ">
    <subfield code="0">0</subfield>
    <subfield code="1">0</subfield>
    <subfield code="2">ddc</subfield>
    <subfield code="4">0</subfield>
    <subfield code="7">0</subfield>
    <subfield code="a">01</subfield>
    <subfield code="b">01</subfield>
    <subfield code="d">2025-09-17</subfield>
    <subfield code="e">R Lall</subfield>
    <subfield code="f">Allied Sci</subfield>
    <subfield code="i">DE/IN/78822,17-09-2025</subfield>
    <subfield code="l">3</subfield>
    <subfield code="p">01-B-145372</subfield>
    <subfield code="r">2025-11-28</subfield>
    <subfield code="s">2025-11-28</subfield>
    <subfield code="u">medical science</subfield>
    <subfield code="w">2025-09-17</subfield>
    <subfield code="y">02</subfield>
  </datafield>
</record>
